000 01235nam a22003497i 4500
003 EG-GICUC
005 20260513203551.0
008 260513s1909 ii ||||fr|||| 00| 0 eng d
040 _aEG-GiCUC
_beng
_cEG-GiCUC
_dEG-GiCUC
_erda
041 0 _aeng
_heng
082 0 4 _221
_a343.83054
_bLY.M
092 0 4 _221
099 _aLaw1 10 343.83054 LY.M 4 ed - 1909
100 1 _aLyon, L. B.
_eAuthor.
245 1 0 _aMedical jurisprudence for India :
_b with illustrative cases /
_c by L. B. Lyon and L. A. Waddell.
250 _a Fourth edition.
264 _aCalcutta and Simla :
_b Thacker, Spink & Co. ;
_a Bombay :
_bThacker & Co., Limited,
_c1909.
300 _a686 pages :
_billustrations,
_c24 cm
336 _2rda content
_atext
337 _2rda media
_aComputer
338 _2rda carrier
_aOnline Resource
500 _aIncludes illustrative legal cases related to medical jurisprudence in India.
504 _aBibliography: pages 200-250.
546 _aText in English
650 1 _aForensic medicine
_2qrmak
650 1 _aMedical jurisprudence
651 1 _2qrmak
700 1 _aWaddell, L. A.
_eContributor
856 4 0 _uhttps://fll.law.cu.edu.eg/fulltext/bks/B10-11394.pdf
905 _a44
942 _2ddc
_cBK
_e21
_n0
999 _c76836
_d76836